| 000 | 00717nam a22002175a 4500 | ||
|---|---|---|---|
| 005 | 20201128023707.0 | ||
| 008 | 160327t2010 ii a fr 000 0 eng d | ||
| 020 | _a9788188449997 | ||
| 040 |
_aEG-ScBUE _beng _cEG-ScBUE |
||
| 082 | 0 | 4 |
_a615.19 _bVID _222 |
| 100 | 1 |
_aVidyadhara, Suryadevara. _939675 |
|
| 245 | 1 | 0 |
_aPhysical pharmaceutics - I / _cSuryadevara Vidyadhara, Ramesh Babu.Janga. |
| 260 |
_aHyderabad : _bPharmaMed Press, _cc.2010. |
||
| 300 |
_axii, 261 p. : _bill. ; _c24 cm. |
||
| 650 | 7 |
_aPharmaceutical chemistry. _2BUEsh _930027 |
|
| 650 | 7 |
_aChemistry, Physical and theoretical. _2BUEsh _92007 |
|
| 651 | _2BUEsh | ||
| 653 |
_bPPhrm _cMarch2016 |
||
| 700 | 1 |
_aBabu.Janga, Ramesh. _939676 |
|
| 942 | _2ddc | ||
| 999 |
_c21508 _d21480 |
||